Английский язык для специальных целей. Ядерные реакторы: учебное пособие

Bibliografiske detaljer
Hovedforfatter: Демьяненко Н. В. Наталия Владимировна
Institution som forfatter: Национальный исследовательский Томский политехнический университет (ТПУ)
Andre forfattere: Ермакова Я. В. Янина Викторовна, Цепилова А. В. Анна Владимировна
Summary:Заглавие с титульного экрана
Пособие содержит формулы, уравнения, чертежи и диаграммы. В пособие включены четыре приложения, в которых представлены тексты для аннотаций и изложений, словарь терминов и инструкции по оформлению библиографии. Целью данного учебного пособия является ознакомление студентов с терминологией и лексикой по ядерным реакторам и их использование в профессионально-ориентированной речи. Предназначено для студентов старших курсов, обучающихся физико-техническом факультете направления "Ядерные реакторы и установки".
Режим доступа: из корпоративной сети ТПУ
Sprog:engelsk
Udgivet: Томск, Изд-во ТПУ, 2010
Fag:
Online adgang:http://www.lib.tpu.ru/fulltext2/m/2011/m139.pdf
Format: MixedMaterials Electronisk Bog
KOHA link:https://koha.lib.tpu.ru/cgi-bin/koha/opac-detail.pl?biblionumber=194747

MARC

LEADER 00000nlm0a2200000 4500
001 194747
005 20240111092443.0
035 |a (RuTPU)RU\TPU\book\212423 
035 |a RU\TPU\book\212422 
090 |a 194747 
100 |a 20110422d2010 m y0rusy50 ca 
101 0 |a eng 
102 |a RU 
105 |a a j 001zy 
135 |a drcn ---uucaa 
181 0 |a i  
182 0 |a b 
200 1 |a Английский язык для специальных целей. Ядерные реакторы  |e учебное пособие  |d English for specific purposes. Nuclear reactors  |f Н. В. Демьяненко, Я. В. Ермакова, А. В. Цепилова  |g Национальный исследовательский Томский политехнический университет (ТПУ) 
203 |a Текст  |c электронный 
210 |a Томск  |c Изд-во ТПУ  |d 2010 
300 |a Заглавие с титульного экрана 
330 |a Пособие содержит формулы, уравнения, чертежи и диаграммы. В пособие включены четыре приложения, в которых представлены тексты для аннотаций и изложений, словарь терминов и инструкции по оформлению библиографии. Целью данного учебного пособия является ознакомление студентов с терминологией и лексикой по ядерным реакторам и их использование в профессионально-ориентированной речи. Предназначено для студентов старших курсов, обучающихся физико-техническом факультете направления "Ядерные реакторы и установки". 
333 |a Режим доступа: из корпоративной сети ТПУ 
337 |a Adobe Reader 
510 1 |a English for specific purposes. Nuclear reactors  |z eng 
606 1 |a Английский язык  |x Учебные руководства и пособия  |x Учебные руководства и пособия для высшей школы  |2 stltpush  |3 (RuTPU)RU\TPU\subj\29071  |9 52483 
610 1 |a электронный ресурс 
610 1 |a труды учёных ТПУ 
610 1 |a учебные пособия 
610 1 |a английский язык 
610 1 |a аутентичные тексты 
610 1 |a лексика 
610 1 |a профессиональные коммуникации 
610 1 |a упражнения 
610 1 |a чтение 
610 1 |a переводы 
610 1 |a ядерные реакторы 
610 1 |a грамматика 
686 |a Ш143.21-923  |2 rubbk 
700 1 |a Демьяненко  |b Н. В.  |c лингвист  |c старший преподаватель Томского политехнического университета  |f 1977-  |g Наталия Владимировна  |3 (RuTPU)RU\TPU\pers\26707  |9 12365 
701 1 |a Ермакова  |b Я. В.  |c лингвист  |c преподаватель Томского политехнического университета  |f 1983-  |g Янина Викторовна  |3 (RuTPU)RU\TPU\pers\28236  |9 13189 
701 1 |a Цепилова  |b А. В.  |c лингвист  |c преподаватель Томского политехнического университета  |f 1985-  |g Анна Владимировна  |3 (RuTPU)RU\TPU\pers\28237  |9 13190 
712 0 2 |a Национальный исследовательский Томский политехнический университет (ТПУ)  |c (2009- )  |3 (RuTPU)RU\TPU\col\15902 
801 1 |a RU  |b 63413507  |c 20110422 
801 2 |a RU  |b 63413507  |c 20111223  |g RCR 
856 4 |u http://www.lib.tpu.ru/fulltext2/m/2011/m139.pdf 
942 |c CF